Each NBA Team's GOAT - Statistics

General Stats
  • This quiz has been taken 235 times
  • The average score is 23 of 30
Answer Stats
Team Answer Jersey Number % Correct
Chicago Bulls Michael Jordan 23/45
98%
Cleveland Cavaliers LeBron James 23
97%
Boston Celtics Larry Bird 33
93%
Los Angeles Lakers Kobe Bryant 24/8
91%
Miami Heat Dwyane Wade 3
90%
Golden State Warriors Stephen Curry 30
90%
Dallas Mavericks Dirk Nowitzki 42
86%
Oklahoma City Thunder Kevin Durant 35
86%
Orlando Magic Shaquille O'Neal 32
86%
San Antonio Spurs Tim Duncan 21
86%
Utah Jazz Karl Malone 32
82%
Denver Nuggets Nikola Jokic 15
82%
Philidelphia 76ers Allen Iverson 3
81%
Los Angeles Clippers Chris Paul 3
79%
Houston Rockets Hakeem Olajuwon 34
78%
Milwaukee Bucks Kareem Abdul-Jabbar 34
78%
Minnisota Timberwolves Kevin Garnett 21
78%
New York Knicks Patrick Ewing 33
76%
New Orleans Pelicans Anthony Davis 23
75%
Indiana Pacers Reggie Miller 31
74%
Detroit Pistons Isiah Thomas 11
73%
Atlanta Hawks Dominique Wilkins 21
71%
Memphis Grizzlies Marc Gasol 33
70%
Phoenix Suns Steve Nash 13
70%
Toronto Raptors Vince Carter 15
66%
Trail Blazers Clyde Drexler 22
58%
Charlotte Hornets Kemba Walker 15
55%
Brooklyn Nets Jason Kidd 5
54%
Sacromento Kings Oscar Robertson 14
52%
Washington Wizards Wes Unseld 41
49%
No matching quizzes found
Score Distribution
Percent of People with Each Score
Percentile by Number Answered
Your Score History
You have not taken this quiz